Second order equations of elliptic and parabolic type /

Guardado en:
Autor Principal: Landis, E. M.
Formato: Libro
Idioma:English
Russian
Publicado: Providence, R.I. : American Mathematical Society, c1998.
Series:Translations of mathematical monographs, v. 171
Materias:
Etiquetas: Agregar Etiqueta
Sin Etiquetas, Sea el primero en etiquetar este registro!
LEADER 01040cam a2200265 a 4500
001 MAT.inmabb004136
008 970818s1998####riua#####b####001#0#eng##
005 20130318151119.0
245 1 0 |a Second order equations of elliptic and parabolic type /  |c E. M. Landis. 
260 |a Providence, R.I. :  |b American Mathematical Society,  |c c1998. 
300 |a xii, 203 p. :  |b il. ;  |c 26 cm. 
440 0 |a Translations of mathematical monographs,  |x 0065-9282 ;  |v v. 171 
500 |a Edición original en ruso publicada en 1971. 
504 |a Incluye referencias bibliográficas (p. 199-202) e índice. 
510 4 |a MR,  |c 98k:35034 
020 |a 0821808575 
100 1 |a Landis, E. M.  |q (Evgenii Mikhailovich) 
240 1 0 |a Uravneniia vtorogo poriadka ellipticheskogo i parabolicheskogo tipov.  |l Inglés 
650 0 |a Differential equations, Elliptic. 
650 0 |a Differential equations, Parabolic. 
084 |a 35J15 (35K10)  |2 msc2000 
010 |a  97034670  
040 |a DLC  |c DLC  |d DLC 
041 1 |a eng  |h rus 
859 |h 35  |i L257  |p A-7330  |b BIB. MATEMATICA